Statistiken für Top 15 der betroffenen Covid-19-Länder - 27. Feb 2021

Klicken Sie hier um das Quiz zu spielen!

Allgemein

  • Dieses Quiz wurde 13 mal gespielt
  • Das Durchschnittsergebnis liegt bei 16 aus 27

Antwortstatistiken

Land% Korrekt
Italien
100%
Deutschland
92%
Frankreich
92%
Indien
92%
Russland
92%
Spanien
92%
Vereinigte Staaten
92%
Mexiko
83%
Argentinien
75%
Brasilien
75%
Schweden
67%
Tschechien
67%
Vereinigtes Königreich
67%
Belgien
58%
Niederlande
58%
Portugal
58%
Türkei
58%
Polen
50%
Iran
42%
Kolumbien
42%
Schweiz
33%
Slowenien
33%
Litauen
25%
Georgien
17%
Panama
17%
Bahrain
8%
Israel
8%

Verteilung der Resultate

Perzentil nach korrekt beantworteten Fragen

Anzahl Personen mit jedem Resultat

Ihre Resultats-Entwicklung

Sie haben dieses Quiz noch nicht gespielt